George Minne / (Record no. 177713)

MARC details
000 -LEADER
campo de control de longitud fija 00951nam a22002535i 4500
001 - NÚMERO DE CONTROL
campo de control 177713
003 - IDENTIFICADOR DE NÚMERO DE CONTROL
campo de control ES-MaACL
005 - FECHA Y HORA DE LA ÚLTIMA TRANSACCIÓN
campo de control 20230906220408.0
008 - DATOS DE LONGITUD FIJA--INFORMACIÓN GENERAL
campo de control de longitud fija 110413s1947 be f |||| | fre d
080 ## - NÚMERO DE LA CLASIFICACIÓN DECIMAL UNIVERSAL
Número de la Clasificación Decimal Universal 730 Minne, George
100 1# - ENTRADA PRINCIPAL--NOMBRE DE PERSONA
Nombre de persona Ridder, André de.
9 (RLIN) 97052
245 10 - MENCIÓN DEL TÍTULO
Título George Minne /
Mención de responsabilidad, etc. par André de Ridder.
260 ## - PUBLICACIÓN, DISTRIBUCIÓN, ETC.
Lugar de publicación, distribución, etc. Anvers :
Nombre del editor, distribuidor, etc. De Sikkel, pour le Ministere de l'Instruction Publique,
Fecha de publicación, distribución, etc. cop. 1947.
300 ## - DESCRIPCIÓN FÍSICA
Extensión 16, [28] p. de lám. bl. y n. , [1] h. de lám. bl. y n. ;
Dimensiones 25 cm.
490 1# - MENCIÓN DE SERIE
Mención de serie Monographies de l'art belge. Première Série ;
Designación de volumen o secuencia 3
500 ## - NOTA GENERAL
Nota general Índice.
500 ## - NOTA GENERAL
Nota general Falta 1 lámina, que ha sido cortada.
504 ## - NOTA DE BIBLIOGRAFÍA, ETC.
Nota de bibliografía, etc. Bibliografía: p. 14.
546 ## - NOTA DE IDIOMA
Nota de lengua/lenguaje Texto en francés, leyenda de las ilustraciones en francés y holandés.
600 14 - PUNTO DE ACCESO ADICIONAL DE MATERIA--NOMBRE DE PERSONA
Nombre de persona Minne, George.
9 (RLIN) 146178
830 0# - PUNTO DE ACCESO ADICIONAL DE SERIE-TÍTULO UNIFORME
Título uniforme Monographies de l'art belge. Première Série ;
Designación de volumen o secuencia 3
9 (RLIN) 190564
852 ## - LOCALIZACIÓN
Ubicación ES-MaACL
Número de control de estantería E-14903
Encuadernación Olim P-972
Holdings
Estatus retirado Estado de pérdida Estado de daño No para préstamo Biblioteca de origen Biblioteca actual Ubicación en estantería Fecha de adquisición Fuente de adquisición Total de préstamos Signatura topográfica completa Código de barras Visto por última vez Precio de reemplazo Tipo de ítem Koha
        Biblioteca del Ateneo de Madrid Biblioteca del Ateneo de Madrid Depósito 2 13/04/2011     E-14903 1186664 23/02/2023 23/02/2023 Libro impreso